00768 2200289 4500001002100000005001700021008004100038020002200079035002500101040001200126082001500138084001900153100001800172245005900190250001100249260003300260300002200293504002600315650001700341850001200358990001800370990001800388990001800406990001800424990001800442990001800460INLIS00000000001181320150903153915.0  a978-602-955-619-3 a0010-091500000000326 aYOPDYOG 223a153.93 aQ 153.93 Nan B aNANO Sunartyo aBuku besar TPA ( Tes Potensi Akademik)c/Nano Sunartyo aCet. 1 aYogyakartabFlashbooksc2010 a132 hlmc; 31 cm. aBibliografi: hlm. 132 aUjian Mental aYOPDYOG a49919-PD/A.15 a49920-PD/A.15 a49918-PD/A.15 a49918-PD/A.15 a49919-PD/A.15 a49920-PD/A.15